The conundrum of phytochemicals and cancer [abstract] /

Elmentve itt :
Bibliográfiai részletek
Szerzők: Jasim Hiba A.
Radapong Sarayut
Sarker Satyajit D.
Ritchie Kenneth J.
Testületi szerző: Trends in Natural Product Research
Dokumentumtípus: Könyv része
Megjelent: Phytochemical Society of Europe ; University of Szeged Leicester ; Szeged 2019
Sorozat:Trends in Natural Product Research – PSE Young Scientists’ Meeting
Kulcsszavak:Fitokémia - előadáskivonat, Rákbetegségek - előadáskivonat
Tárgyszavak:
doi:10.14232/tnpr.2019.sl7

Online Access:http://acta.bibl.u-szeged.hu/61984
LEADER 01180naa a2200289 i 4500
001 acta61984
005 20230612141508.0
008 190725s2019 hu o 1|| eng d
024 7 |a 10.14232/tnpr.2019.sl7  |2 doi 
040 |a SZTE Egyetemi Kiadványok Repozitórium  |b hun 
041 |a eng 
100 1 |a Jasim Hiba A. 
245 1 4 |a The conundrum of phytochemicals and cancer   |h [elektronikus dokumentum] :  |b [abstract] /  |c  Jasim Hiba A. 
260 |a Phytochemical Society of Europe ; University of Szeged  |b Leicester ; Szeged  |c 2019 
300 |a 54 
490 0 |a Trends in Natural Product Research – PSE Young Scientists’ Meeting 
650 4 |a Természettudományok 
650 4 |a Kémiai tudományok 
650 4 |a Orvos- és egészségtudomány 
650 4 |a Általános orvostudomány 
650 4 |a Klinikai orvostan 
695 |a Fitokémia - előadáskivonat, Rákbetegségek - előadáskivonat 
700 0 1 |a Radapong Sarayut  |e aut 
700 0 1 |a Sarker Satyajit D.  |e aut 
700 0 1 |a Ritchie Kenneth J.  |e aut 
711 |a Trends in Natural Product Research  |c Budapest  |d 2019. június 19-21. 
856 4 0 |u http://acta.bibl.u-szeged.hu/61984/1/ysm_2019_054.pdf  |z Dokumentum-elérés